000 00340nam a2200133Ia 4500
100 _aAlexander/J/M
942 _cRB
654 _amachine
245 _a18th International Machine tool design and research conference proceeding
260 _bImperial College
_aLondon
_c1977
082 _a621.902
_bIMT
300 _a1977
546 _aENGLISH
999 _c26841
_d26841